000 00410nam a2200145 a 4500
001 000042850
005 20201002040438.0
008 140211s1971 dr a 000 0 spa d
040 _aDO-SdBNP
_bspa
_cBNPHU
082 _axxx
_bxxx
110 2 _aCorporación Dominicana de Empresas Estatales
_955956
245 1 0 _aMemoria 1966-1970.
260 _aSanto Domingo,
_cCorde
_c1971.
300 _a337 p. :
_bil. ;
_c28 cm.
999 _c42339
_d42339